000
00224nam a22000977a 4500
999
_c
16274
_d
16274
003
OSt
008
200629b ||||| |||| 00| 0 eng d
100
_a
Padmini Sathianadhan Sengupta
_9
4663
245
_a
Red Hibiscus
942
_c
BK